000 00348pab a2200145 454500
008 180718b1986 xxu||||| |||| 00| 0 eng d
100 _aHegde, Ramakrishna
245 _aAppointments and transfers of judges
260 _c1986
300 _a5-7
362 _a27 July
650 _aJudges - India - Karnataka
773 _aJanata
909 _a11548
999 _c11548
_d11548